Hetalia Countries - Quotes Quiz Stats

 Plays Quiz not verified by Sporcle

Score 0/10 Timer 10:00
1 Play Today
Hint Answer % Correct
'I'M THE HERO!'America
98%
'Why doesn't anyone remember me?'Canada
97.3%
'IT'S A CALENDAR!'France
96.3%
'I once killed a man in his sleep using his own moustache and a grape.'Germany
92.4%
'It's just an innocent crotch cloth!'Prussia
91.8%
'I'm thinking of painting my house a wicked hipster pink.'Poland
91.5%
'SUCK BALL'China
84.6%
'Man up, or I'll beat you with my peace prize!'Switzerland
81.3%
'Take that you British jerk of jerks!'Sealand
79.4%
'I have the silkiest hair in the world!'England
77.6%

You're not logged in!

Compare scores with friends on all Sporcle quizzes.
Join for Free
OR
Log In

You Might Also Like...

Show Comments

Extras

Top Quizzes Today


Score Distribution

Your Account Isn't Verified!

In order to create a playlist on Sporcle, you need to verify the email address you used during registration. Go to your Sporcle Settings to finish the process.

Report this User

Report this user for behavior that violates our Community Guidelines.

Details: